000 00690nam a2200193Ia 4500
003 GCL
008 140319s9999 xx 000 0 ara d
020 _a5664209960
040 _aGCL /
_cGCL
082 0 4 _a361.03
_bع م
100 1 _aعبدالمجيد بن طاش نيازى
245 1 0 _aمصطلحات ومفاهيم انجليزية فى الخدمة الاجتماعية /
_cعبدالمجيد بن طاش نيازى
250 _aالاولى
260 _aالرياض :
_bمكتبة العبيكان ،
_c2000
300 _a264 ص ؛
_c24 سم
650 0 4 _aالخدمة الاجتماعية
650 0 4 _aالخدمة الاجتماعية - مصطلحات
942 _2ddc
_cBK
999 _c5213
_d5213